Interpoľacionnyje prostranstva : Vvedenije /

Salvato in:
Dettagli Bibliografici
Autori principali: Bergh, Jören (Autore), Lönfström, Jörgen (Autore)
Natura: Libro
Lingua:russo
Pubblicazione: Moskva : Mir, 1980
Tags: Aggiungi Tag
Nessun Tag, puoi essere il primo ad aggiungerne!!

MARC

LEADER 00000nam a22000003a 4500
001 stu8685
005 20150617225807.3
008 960312s1980----xxr-----------------rus-d
040 |a STU  |b slo 
041 0 |a rus 
044 |a xxr 
080 |a 519.55/.56 
100 1 |a Bergh, Jören  |4 aut 
245 1 |a Interpoľacionnyje prostranstva :  |b Vvedenije /  |c [aut.] Bergh,Jören; Lönfström,Jörgen 
260 |a Moskva :  |b Mir,  |c 1980 
300 |a 264 s 
700 1 |a Lönfström, Jörgen  |4 aut 
996 |b E47438  |c E*47438  |l EE03  |s P  |a 0  |w stu8685_0001 
996 |b E62785  |c E*62785  |l EE03  |s P  |a 0  |w stu8685_0002